Представление документа в формате MARC21

Поле Инд. ПП Название Значение
Тип записи a
Библиографический уровень b
001 Контрольный номер RU/IS/BASE/283886851
005 Дата корректировки 20200610181717.0
008 Кодируемые данные 20081229
040 b Код языка каталог. rus
e Правила каталог. PSBO
041 0_ a Код языка текста rus
084 a Индекс другой классификации/Индекс ББК 81.473.1-213-03
100 1_ a Автор Соколова М. С.
245 10 a Заглавие Семантическая классификация герундия в староитальянском языке на примере "Декамерона" Боккаччо
504 a Библиография Библиогр.: с. 45
600 14 a Персоналии Боккаччо Джованни
650 14 a Основная рубрика грамматика
a Основная рубрика итальянский язык
a Основная рубрика филологические науки
a Основная рубрика частное языкознание
a Основная рубрика языкознание
a Основная рубрика история языка
653 0_ a Ключевые слова "Декамерон"
a Ключевые слова герундий
a Ключевые слова глагол
a Ключевые слова семантика
a Ключевые слова староитальянский язык
a Ключевые слова формы глагола
a Ключевые слова части речи
773 08 t Заглавие источника Вестник Московского университета. Серия 9, Филология
d Дата издания источника 2008
g Прочая информация № 3. - С. 31 - 45
w Контрольный № источника RU/IS/BASE/282745557
901 t Тип документа b